[Event "Berlin op 06"]
[Site "Berlin"]
[Date "2004.06.12"]
[Round "3"]
[White "Klein, Sidonie"]
[Black "Laovic, Zoran"]
[Result "0-1"]
[WhiteElo "1016"]
[BlackElo "1383"]
[PlyCount "122"]
[EventDate "2004.06.11"]
[EventType "swiss"]
[EventRounds "5"]
[EventCountry "GER"]
[SourceTitle "EXT 2007"]
[Source "ChessBase"]
[SourceDate "2006.11.23"]
[SourceVersion "1"]
[SourceVersionDate "2006.11.23"]
[SourceQuality "1"]

1. e4 g6 2. d4 Bg7 3. Be3 b6 4. Bd3 Bb7 5. Nd2 e6 6. Ngf3 d6 7. 0-0 Nd7 8. c3 Qe7 9. Nc4 c6 10. Bf4 e5 11. Bg5 f6 12. Be3 a5 13. Re1 b5 14. Ncd2 Qf7 15. Qb3 Qxb3 16. Nxb3 a4 17. Nbd2 Ne7 18. b3 a3 19. c4 b4 20. Rac1 exd4 21. Nxd4 c5 22. Ne6 Kf7 23. Nxg7 Kxg7 24. Bf4 Nc8 25. Nf3 h5 26. h3 g5 27. Be3 Ne7 28. Nd2 Ne5 29. Be2 Rh7 30. g3 Kg6 31. h4 Bc8 32. Nf3 gxh4 33. Nxe5+ fxe5 34. gxh4 Bg4 35. Rcd1 Ra6 36. f3 Be6 37. Kh2 Nc8 38. Rg1+ Kf7 39. Bf1 Ke7 40. Bh3 Bxh3 41. Kxh3 Kd7 42. Rg8 Ne7 43. Rg2 Rf7 44. Rf1 Ra8 45. Bg5 Nc6 46. Be3 Raf8 47. Rgf2 Nd4 48. Bxd4 cxd4 49. Kg3 Kc6 50. f4 Kc5 51. Rf3 Rg8+ 52. Kf2 exf4 53. Rg1 Rg4 54. Rh3 Rfg7 55. Rhh1 d3 56. Rxg4 hxg4 57. h5 Kd4 58. h6 Rh7 59. Rh4 Kxe4 60. Rxg4 Rxh6 61. Rg1 Rh2+ 0-1

[Event "Berlin op 06"]
[Site "Berlin"]
[Date "2004.06.11"]
[Round "1"]
[White "Klein, Sidonie"]
[Black "Rehder, Frank"]
[Result "0-1"]
[WhiteElo "1016"]
[BlackElo "1690"]
[PlyCount "96"]
[EventDate "2004.06.11"]
[EventType "swiss"]
[EventRounds "5"]
[EventCountry "GER"]
[SourceTitle "EXT 2007"]
[Source "ChessBase"]
[SourceDate "2006.11.23"]
[SourceVersion "1"]
[SourceVersionDate "2006.11.23"]
[SourceQuality "1"]

1. e4 c5 2. Nf3 e6 3. d4 cxd4 4. Nxd4 a6 5. Bd3 Qc7 6. c3 Nc6 7. Be3 Nf6 8. a3 g6 9. 0-0 Bg7 10. Nd2 Ne5 11. Be2 d6 12. h3 0-0 13. Bf4 Ned7 14. Be3 b6 15. Re1 Bb7 16. Bf3 Ne5 17. Qc2 Rac8 18. Rac1 Rfd8 19. Bf4 Nfd7 20. Be2 Nc6 21. N4f3 Nce5 22. Nd4 Qb8 23. Qb1 Qa8 24. Qc2 Nc5 25. f3 Ncd7 26. Qb1 Qb8 27. Qc2 b5 28. b3 d5 29. exd5 Bxd5 30. a4 Nxf3+ 31. N4xf3 Qxf4 32. Rf1 Qe3+ 33. Rf2 Rxc3 34. Qd1 Rdc8 35. Nf1 Qb6 36. Rxc3 Rxc3 37. Qd2 Nc5 38. Ng5 Nxb3 39. Qf4 f5 40. axb5 Bd4 41. Nf3 Bxf2+ 42. Kh1 Bxf3 43. Bxf3 Qc7 44. Qxc7 Rxc7 45. bxa6 Ra7 46. Be2 Nc5 47. Bc4 Kf7 48. Nd2 Nxa6 0-1